书目信息 |
| 题名: |
伪满洲国的金融
|
|
| 作者: | 孙光杰 , 施晓春 主编 | |
| 分册: | ||
| 出版信息: | 北京 中国物资出版社 2015 |
|
| 页数: | 175页 | |
| 开本: | 24cm | |
| 丛书名: | ||
| 单 册: | ||
| 中图分类: | F832.96 , F832 | |
| 科图分类: | ||
| 主题词: | 金融--Jin Rong--经济史--东北地区--民国 | |
| 电子资源: | ||
| ISBN: | 978-7-5047-5760-9 | |
| 000 | 01134nam0 2200289 450 | |
| 001 | 1675427078 | |
| 005 | 20150910094015.7 | |
| 010 | @a978-7-5047-5760-9@dCNY32.00 | |
| 100 | @a20150910d2015 em y0chiy50 ea | |
| 101 | 0 | @achi |
| 102 | @aCN@b110000 | |
| 105 | @aab a 000yy | |
| 106 | @ar | |
| 200 | 1 | @a伪满洲国的金融@AWei Man Zhou Guo De Jin Rong@f主编孙光杰, 施晓春 |
| 210 | @a北京@c中国物资出版社@d2015 | |
| 215 | @a175页@c图, 地图@d24cm | |
| 300 | @a吉林省社会科学基金重点指南项目《吉林金融文化研究》、吉林省教育厅人文社科重点研究基地——吉林省金融文化研究中心重点招标项目《吉林省金融文化发展战略研究》的研究成果 | |
| 320 | @a有书目 (第174-175页) | |
| 330 | @a1944年2月伪满洲兴农金库开始发行第一回兴农储蓄债券,为横式,有奖型。正面图案四框由花纹、龙身纹、高粱并饰以“兴农金库”四字,上面的标志为“库”字的艺术变形字,代表兴农金库。 | |
| 333 | @a经济学专业研究人员 | |
| 606 | 0 | @a金融@AJin Rong@x经济史@y东北地区@z民国 |
| 690 | @aF832.96@v5 | |
| 690 | @aF832@v4 | |
| 701 | 0 | @a孙光杰@ASun Guang Jie@4主编 |
| 701 | 0 | @a施晓春@AShi Xiao Chun@4主编 |
| 801 | 0 | @aCN@b江苏新华@c20150511 |
| 905 | @aBZT@dF832@e14 | |
| 伪满洲国的金融/主编孙光杰, 施晓春.-北京:中国物资出版社,2015 |
| 175页:图, 地图;24cm |
| 吉林省社会科学基金重点指南项目《吉林金融文化研究》、吉林省教育厅人文社科重点研究基地——吉林省金融文化研究中心重点招标项目《吉林省金融文化发展战略研究》的研究成果.-使用对象:经济学专业研究人员 |
| ISBN 978-7-5047-5760-9:CNY32.00 |
| 1944年2月伪满洲兴农金库开始发行第一回兴农储蓄债券,为横式,有奖型。正面图案四框由花纹、龙身纹、高粱并饰以“兴农金库”四字,上面的标志为“库”字的艺术变形字,代表兴农金库。 |
| ● |
| 相关链接 |
|
|
|
正题名:伪满洲国的金融
索取号:F832/14
 
预约/预借
| 序号 | 登录号 | 条形码 | 馆藏地/架位号 | 状态 | 备注 |
| 1 | 798703 | 2000798703 | 第二书库/ [索取号:F832/14] | 在馆 | |
| 2 | 798704 | 2000798704 | 第二书库/ [索取号:F832/14] | 在馆 | |
| 3 | 798705 | 2000798705 | 第二书库/ [索取号:F832/14] | 在馆 |